000 004020000a22001450004500
041 0 _aSPA
082 0 4 _aG 891.863 K118m
100 1 _aKafka, Franz (1883-1924)
245 1 0 _aLa metamorfosis y otros relatos / Franz Kafka ; Julio Izquierdo, Traductor
260 _aBogotá : Oveja Negra
300 _a168 Pag
440 0 _aColección Historia Universal de la Literatura
001 13243
942 _cBK
999 _c42230
_d42230